MARC

LEADER 00000nam0a2200000 4500
001 339823
005 20231102005159.0
035 |a (RuTPU)RU\TPU\book\366367 
090 |a 339823 
100 |a 20180129d1985 km y0rusy50 ca 
101 0 |a rus 
102 |a RU 
105 |a a z 000zb 
200 1 |a Николай Кормашов: живопись  |e альбом  |f Б. Бернштейн 
210 |a Москва  |c Советский художник  |d 1985 
215 |a 115 с.  |c ил. 
225 1 |a Мастера советского искусства 
600 1 |a Кормашов  |b Н. И.  |c художник  |f 1929-2012  |g Николай Иванович  |2 stltpush  |3 (RuTPU)RU\TPU\pers\40039 
606 1 |a Живописцы  |2 stltpush  |3 (RuTPU)RU\TPU\subj\10834  |9 37852 
610 1 |a изобразительное искусство 
610 1 |a живопись 
610 1 |a пейзажная живопись 
610 1 |a натюрморты 
610 1 |a портретная живопись 
610 1 |a альбомы 
610 1 |a персоналии 
675 |a 75.071(084)  |v 4 
700 1 |a Бернштейн  |b Б.  |g Борис Моисеевич 
801 1 |a RU  |b 63413507  |c 20180129 
801 2 |a RU  |b 63413507  |c 20180131  |g RCR 
942 |c BK